| 000 | 00764cam a2200193 a 4500 | ||
|---|---|---|---|
| 001 | 000006960 | ||
| 005 | 20200929154031.0 | ||
| 008 | 811019s1963 sp a b 000 0bspa d | ||
| 040 |
_aDO-SdBNP _bspa _cBNPHU |
||
| 082 |
_a923.246 _bP953X, 1963 |
||
| 100 | 1 |
_aXimenez de Sandoval, Felipe. _919335 |
|
| 245 | 1 | 0 |
_aJose Antonio (biografía apasionada) / _cFelipe Ximenez de Sandoval ; prólogo Miguel Primo de Rivera y Urquijo. |
| 250 | _a3a ed. | ||
| 260 |
_aMadrid : _bBullón, _c1963. |
||
| 300 |
_a535 p. : _bil. ; _c23 cm. |
||
| 600 | 2 | 0 |
_aPRIMO DE RIVERA Y SÁENZ DE HEREDIA, JOSÉ ANTONIO _cmarques de Estella, _d1903-1936. _919336 |
| 650 | 4 |
_aEstadístas _zEspaña _xBiografía _919337 |
|
| 700 | 1 |
_aPrimo de Rivera y Urquijo, José Antonio, _d1903-1936, _epról. _919338 |
|
| 999 |
_c6744 _d6744 |
||